01355nam a2200325Ia 4500001001200000003000800012006001900020007001500039008004100054010001700095020002800112020001800140040002100158035002000179050002400199082001200223100002500235245012300260260004900383300001600432500008200448504006400530533015200594650004200746650003300788650003600821655002900857710001700886856012600903ebr10278664CaPaEBRm u cr cn|||||||||980403s1998 nyu sb 001 0 eng d z 98018309  z0195111028 (alk. paper) z9780195111026 aCaPaEBRcCaPaEBR a(OCoLC)7179991814aPE1335b.O36 1998eb04a4252211 aO'Dowd, Elizabeth M.10aPrepositions and particles in Englishh[electronic resource] :ba discourse-functional account /cElizabeth M. O'Dowd. aNew York :bOxford University Press,cc1998. axii, 219 p. aBased on the author's thesis (Ph. D., University of Colorado, Boulder, 1994). aIncludes bibliographical references (p. 203-209) and index. aElectronic reproduction.bPalo Alto, Calif. :cebrary,d2009.nAvailable via World Wide Web.nAccess may be limited to ebrary affiliated libraries. 0aEnglish languagexDiscourse analysis. 0aEnglish languagexParticles. 0aEnglish languagexPrepositions. 7aElectronic books.2local2 aebrary, Inc.40uhttp://site.ebrary.com/lib/rucke/Doc?id=10278664zAn electronic book accessible through the World Wide Web; click to view